Quiz o Neutralnym Moresnecie - Statystyki

Ogólne statystyki
  • Ten quiz został rozwiązany 9 razy
  • Średni wynik to 7 z 11
Statystyki odpowiedzi
Hint Odpowiedź % Poprawnych
Graniczył z Holandia
100%
Graniczył z Niemcy
100%
Język urzędowy Niemiecki
100%
Graniczył z Belgia
83%
Język urzędowy Francuski
83%
Miał być państwem języka Esperanto
67%
Język urzędowy Niderlandzki
67%
Ile lat istniał 104
33%
Waluta Frank francuski
33%
Stolica Kelmis
17%
Około ile istniała poczta Tydzień
17%
Nie znaleziono quizów pasujących do podanych kryteriów
Rozkład punktacji
Procent ludzi z każdym wynikiem
Percentyl według liczby udzielonych odpowiedzi
Twoja historia wyników
Nie rozwiązałeś tego quizu